Online Catalogue and eLibrary

Sihina acadamiya (Record no. 4885)

MARC details
000 -LEADER
fixed length control field 00375nam a2200157Ia 4500
005 - DATE AND TIME OF LATEST TRANSACTION
control field 20250324014827.0
008 - FIXED-LENGTH DATA ELEMENTS--GENERAL INFORMATION
fixed length control field 240331s9999 xx 000 0 und d
020 ## - INTERNATIONAL STANDARD BOOK NUMBER
ISBN 9559596004
082 ## - DDC Classification
Item Number - Author Mark WEH
Class No. 891
100 ## - MAIN ENTRY--PERSONAL NAME
Personal name Wehalla,V
245 #0 - TITLE STATEMENT
Title Sihina acadamiya
260 ## - PUBLICATION, DISTRIBUTION, ETC.
Place of publication, distribution, etc. Nugegoda
Name of publisher, distributor, etc. Piyasiri printing system
Date of publication, distribution, etc. 1996
300 ## - PHYSICAL DESCRIPTION
Extent (e.g. Volumes, Pages etc.) 88 p .,
650 ## - SUBJECT ADDED ENTRY--TOPICAL TERM
Topical term or geographic name entry element Short Stories
942 ## - Koha item type (Biblio)
Koha item type Books in Stacks (Lending)
Holdings
Lost status Damaged status Collection code Home library Current library Shelving location Date acquired Full call number Accession Number Item type
    Lending WERC Library WERC Library Social Science Cupboard 03/31/2024 891.48 WEH 2817 Books in Stacks (Lending)

© WERC Library